000 00504nam a2200169 i 4500
001 41732
003 ES-MaACL
005 20230906160501.0
007 t|
008 030311s1967 sp ||||1| spa d
100 1 _aCastagnoli, Paolo.
_936380
245 1 0 _aCostes "standard" /
_cpor P. Castagnoli ; traducida por Miguel Arnedo.
260 _aMadrid :
_bIbérico Europea de Ediciones,
_c[1967]
300 _a142 p. ;
_c22 cm.
700 1 _aArnedo, Miguel.
_923084
852 _aES-MaACL
_jC-32589
_bR.63021
999 _c41732
_d41732